000 00447nam a2200145Ia 4500
003 OSt
005 20260127115053.0
008 211028s2017 xx 000 0 und d
040 _cAIMIT LIBRARY
041 _aeng
100 _aD Souza, Reenu; Kudtarkar Ravi.
_g1516121
_97696
245 _aStudy on evaluation of employee engagement at e- line hospitality solutions Sharjah UAE /
260 _aMangalore
_bRavi Kudtarkar
_c2017
942 _2ddc
_cPRO
999 _c219264
_d219264